00978nam a22002652a 450000100060000000300080000600500170001400800410003103500190007204000270009104100080011808200220012610000300014824500420017825000160022026000420023630000530027850001050033150400310043660000540046761000320052165000650055365000380061870000560065624150BD-RjUL20211209001021.0140312r1968 nyuach b 001 0beng d a(BD-RjUL)24216 aDLCcDLCdBD-RjULbeng aeng a199.492bHYY 19681 aHyma, Albert,d1893-1978.14aThe youth of Erasmus /c Albert Hyma. a2d ed., enl aNew York :bRussell & Russell,c1968. axxii, 402 p. :billus., facsims., port. ;c24 cm a"Appendix B, the Book against the barbarians" (p. 239-335), contains two Latin texts of the treatise aBibliography: p. [387]-39010aErasmus, Desiderius,d-1536xChildhood and youth.20aBrothers of the Common Life 0aAuthors, Latin (Medieval and modern)zNetherlandsxBiography 0aHumanistszNetherlandsxBiography1 aErasmus, Desiderius,d-1536.tAntibarbarorum liber.